000 00687nam a22002177a 4500
005 20150612111923.0
008 140714b xxu||||| |||| 00| 0 Urdu d
010 _aUR-9052
020 _c200.00
_a9789350735275
035 _aU-7607
037 _bDBAD
040 _aDPL
_bUrdu
082 _a840
100 _aبا نو سر تا ج
245 _aا د ب ا طفا ل
_cبا نو سر تا ج
246 h _aAdab-e- Itfal: Ek Mutalea
_b By Dr. Jafer Raza
260 _bEducational Publishing House
_c2015
_aDelhi
270 _a3191,Vaki Street,Kucha Pandit,Lal Kuan
_bDelhi
_k23216162
_e110006
300 _a196ص
_c22Cm (Hb)
942 _2ddc
_cUR
_e
_h840
_mب ا ن
999 _c94234
_d94234